|
|
|
|
| LEADER |
03557nam a22005535i 4500 |
| 001 |
978-3-540-49365-5 |
| 003 |
DE-He213 |
| 005 |
20151204175022.0 |
| 007 |
cr nn 008mamaa |
| 008 |
100301s2006 gw | s |||| 0|eng d |
| 020 |
|
|
|a 9783540493655
|9 978-3-540-49365-5
|
| 024 |
7 |
|
|a 10.1007/11930181
|2 doi
|
| 040 |
|
|
|d GrThAP
|
| 050 |
|
4 |
|a TK5105.5-5105.9
|
| 072 |
|
7 |
|a UKN
|2 bicssc
|
| 072 |
|
7 |
|a COM075000
|2 bisacsh
|
| 082 |
0 |
4 |
|a 004.6
|2 23
|
| 245 |
1 |
0 |
|a Technologies for Advanced Heterogeneous Networks II
|h [electronic resource] :
|b Second Asian Internet Engineering Conference, AINTEC 2006, Pathumthani, Thailand, November 28-30, 2006. Proceedings /
|c edited by Kenjiro Cho, Philippe Jacquet.
|
| 264 |
|
1 |
|a Berlin, Heidelberg :
|b Springer Berlin Heidelberg,
|c 2006.
|
| 300 |
|
|
|a XI, 253 p.
|b online resource.
|
| 336 |
|
|
|a text
|b txt
|2 rdacontent
|
| 337 |
|
|
|a computer
|b c
|2 rdamedia
|
| 338 |
|
|
|a online resource
|b cr
|2 rdacarrier
|
| 347 |
|
|
|a text file
|b PDF
|2 rda
|
| 490 |
1 |
|
|a Lecture Notes in Computer Science,
|x 0302-9743 ;
|v 4311
|
| 505 |
0 |
|
|a Keynote Paper 1 -- An End-User-Responsive Sensor Network Architecture for Hazardous Weather Detection, Prediction and Response -- Session 1: Service Architecture -- On Scalability of DHT-DNS Hybrid Naming System -- A Topology-Aware Overlay Multicast Approach for Mobile Ad-Hoc Networks -- Next Generation Network Service Architecture in the IP Multimedia Subsystem -- Invited Paper 1 -- Live E! Project: Sensing the Earth -- Session 2: Multicast -- Performance Analysis and Comparison Between Multicast and Unicast over Infrastructure Wireless LAN -- NAT-PT with Multicast -- Keynote Paper 2 -- Network Processing Hardware -- Session 3: Performance in WLAN -- Channel Status Aware Proportional Fair Scheduling Algorithm for IEEE 802.15.3 WPAN -- Application Performance Assessment on Wireless Ad Hoc Networks -- Proactive Resilience to Dropping Nodes in Mobile Ad Hoc Networks -- Session 4: Routing -- A New Hybrid Traffic Engineering Routing Algorithm for Bandwidth Guaranteed Traffic -- Determining the Cause and Frequency of Routing Instability with Anycast -- Invited Paper 3 -- Modeling Mobility with Behavioral Rules: The Case of Incident and Emergency Situations -- Session 5: Multihoming in Mobile Networks -- Node Density Effects on Reactive Routing Protocols for Mobile Ad Hoc Wireless Networks -- Building Fault Tolerant Networks Using a Multihomed Mobile Router: A Case Study -- Invited Paper 4 -- MANET and NEMO Converged Communication.
|
| 650 |
|
0 |
|a Computer science.
|
| 650 |
|
0 |
|a Computer communication systems.
|
| 650 |
|
0 |
|a Special purpose computers.
|
| 650 |
|
0 |
|a Computers.
|
| 650 |
|
0 |
|a Algorithms.
|
| 650 |
|
0 |
|a Management information systems.
|
| 650 |
1 |
4 |
|a Computer Science.
|
| 650 |
2 |
4 |
|a Computer Communication Networks.
|
| 650 |
2 |
4 |
|a Special Purpose and Application-Based Systems.
|
| 650 |
2 |
4 |
|a Information Systems Applications (incl. Internet).
|
| 650 |
2 |
4 |
|a Management of Computing and Information Systems.
|
| 650 |
2 |
4 |
|a Computation by Abstract Devices.
|
| 650 |
2 |
4 |
|a Algorithm Analysis and Problem Complexity.
|
| 700 |
1 |
|
|a Cho, Kenjiro.
|e editor.
|
| 700 |
1 |
|
|a Jacquet, Philippe.
|e editor.
|
| 710 |
2 |
|
|a SpringerLink (Online service)
|
| 773 |
0 |
|
|t Springer eBooks
|
| 776 |
0 |
8 |
|i Printed edition:
|z 9783540493648
|
| 830 |
|
0 |
|a Lecture Notes in Computer Science,
|x 0302-9743 ;
|v 4311
|
| 856 |
4 |
0 |
|u http://dx.doi.org/10.1007/11930181
|z Full Text via HEAL-Link
|
| 912 |
|
|
|a ZDB-2-SCS
|
| 912 |
|
|
|a ZDB-2-LNC
|
| 950 |
|
|
|a Computer Science (Springer-11645)
|